LEADER 01697nam0 2200373 i 450 001 IEI0236986 005 20251003044201.0 010 $a8871466934 020 $aIT$b2006-335 100 $a20050907d2005 ||||0itac50 ba 101 | $aita 102 $ait 181 1$6z01$ai $bxxxe 182 1$6z01$an 200 1 $aNuovi scenari della globalizzazione$fVittorio Amato$gcon un saggio introduttivo di John Agnew 210 $aNapoli$cCUEN$d[2005] 215 $a190 p.$d24 cm. 606 $aEconomia mondiale$xProcessi di globalizzazione$2FIR$3PUVC070434$9E 676 $a337$9ECONOMIA INTERNAZIONALE$v14 676 $a337$9ECONOMIA INTERNAZIONALE$v23 676 $a337.09045$9ECONOMIA INTERNAZIONALE. 1950-1959$v21 700 1$aAmato$b, Vittorio$f <1964- >$3MILV173460$4070$089483 702 1$aAgnew$b, John A.$3CFIV096750 790 1$aAgnew$b, John$3CFIV120620$zAgnew, John A. 801 3$aIT$bIT-000000$c20050907 850 $aIT-BN0095 $aIT-NA0625 $aIT-NA0079 901 $bNAP BN$cMAGAZZINO $nmagazzini correnti divisi per anni 901 $bNAP AA$cS.C. $nComprende materiale librario di vario argomento 901 $bNAP 01$cPOZZO LIB.$nVi sono collocati fondi di economia, periodici di ingegneria e scienze, periodici di economia e statistica e altri fondi comprendenti documenti di economia pervenuti in dono. 912 $aIEI0236986 950 0$aBiblioteca Centralizzata di Ateneo$c1 v.$d 01POZZO LIB.F. BENCARDINO 210$e 01 0000083935E VMA 1 v.$fB $h20220616$i20221122 977 $a 01$a AA$a BN 996 $aNuovi scenari della globalizzazione$9738412 997 $aUNISANNIO